[Event "Beersheba-Peterburg Kings m"]
[Site "St Petersburg"]
[Date "1999.06.12"]
[Round "7"]
[White "Mikhalevski, Victor"]
[Black "Aseev, Konstantin N"]
[Result "1-0"]
[WhiteElo "2531"]
[BlackElo "2519"]
[Annotator "Mikhalevski,V"]
[PlyCount "69"]
[EventDate "1999.06.??"]
[EventType "schev"]
[EventRounds "10"]
[EventCountry "RUS"]
[SourceTitle "CBM 072"]
[Source "ChessBase"]
[SourceDate "1999.10.01"]
[SourceVersion "1"]
[SourceVersionDate "1999.10.01"]
[SourceQuality "1"]

1. d4 {Ribli} Nf6 2. c4 e6 3. Nf3 d5 4. g3 Be7 5. Bg2 O-O 6. O-O dxc4 {Ribli:
'Meines Erachtens bietet diese Variante der katalanischen Eröffnung dem
Schwarzen die besten Ausgleichsmöglichkeiten. Ribli.'} 7. Qc2 a6 8. a4 {
Ribli: 'Das alte 8.Qxc4 ist heutzutage ein seltener Gast auf
Grossmeisterturnieren.'} Bd7 9. Qxc4 Bc6 10. Bg5 {Ribli: 'Sofortiges 10.Nc3
wäre vorteilhaft für Schwarz, daher bereitet Weiss die Springerentwicklung vor.
In vielen Varianten gibt Weiss den g5-Läufer auf und erzielt mit Nc3 nebst
e2-e4 Zentrumsübergewicht.'} (10. Nc3 $2 {Ribli} b5) 10... Bd5 11. Qc2 (11. Qd3
{is more popular}) (11. Qd3 {Ribli}) 11... Be4 12. Qc1 {Very uncommon move.
Ribli: 'Dieser Damenzug erscheint mir chancenreicher als die Alternative. Das
Feld d1 wird frei für den Turm und der Befreiungszug ...c7-c5 wird erschwert.'}
(12. Qd1 {is the main line.}) (12. Qd1 {Ribli} c5 13. Nbd2 Bc6 14. dxc5 Bxc5
15. Nb3 Be7 $11) 12... a5 $5 $146 {Black stops possible advance of the a-pawn.
In the previous games black tried 12...Nc6 and 12...Nd7.} (12... Nc6 13. e3 (
13. Rd1 Bxf3 14. Bxf3 Nxd4 15. Bxf6 Bxf6 16. e3 Nb3 {0-1 Vadasz,L-Kabatianski,
A/Budapest 1994/EXT 97 (16)}) 13... Nd5 {'N!?' Ribli. '!?' Ribli.} (13... Nb4
$5 $146 14. Nc3 Bc6 {Ribli: '1/2-1/2 Pigusov,E-Liang Jinrong/Beijing 1997/CBM
61/[Ribli] (37)'} 15. a5 Rc8 16. Rd1 Bxf3 (16... h6 17. Bxf6 Bxf6 18. e4 $14 {
[%csl Rb4,Gd4,Ge4]}) 17. Bxf3 $14 {1/2-1/2 Pigusov,E-Liang Jinrong/Beijing
1997/CBM 61/[Ribli] (37)}) (13... a5 $6 14. Nc3) 14. Bxe7 Qxe7 15. Nc3 Nxc3 16.
bxc3 Na5 17. Nd2 Bxg2 18. Kxg2 c5 19. Qb2 Rac8 20. Qb6 {Ribli: '1-0 Foisor,
C-Amura,C/Jakarta iztW 1993/EXT 93 (44)'} Qc7 21. Rfb1 {Foisor,C-Amura,C/
Jakarta iztW 1993/EXT 93/1-0 (44)'}) (12... Nbd7 13. Nc3 Bc6 14. Qc2 Bb4 (14...
h6 15. Bxf6 Nxf6 16. e4 Bb4 17. Rfe1 b6 18. Ne5 Bb7 19. Rad1 Qe7 20. Nd3 Rfd8
21. e5 Nd5 22. Nxd5 Bxd5 23. Bxd5 Rxd5 24. Re4 Rad8 25. Nf4 R5d7 26. Nh5 Kh8
27. Rg4 Rg8 28. Qc1 $40 {[%cal Gh5f6] 1-0 Foisor,C-Markovic,G/Subotica 1991/TD
(45)}) 15. Rfe1 Bxf3 16. Bxf3 $14 {Tkachiev,V-Almasi,Z/Senec 1998/EXT 99/1/2-1/
2 (73)}) 13. Nbd2 $1 {'?!' Ribli. Ribli: 'Dieser Zug wirkt passiv. Ich denke,
nach dem natürlichem 13.Nc3 hat Weiss gute Aussichten auf Eröffnungsvorteil.'}
({In case of standard} 13. Nc3 Bc6 (13... Bxf3 {Ribli} 14. Bxf3 c6 15. Rd1 $14)
14. Qc2 (14. Rd1 Nbd7 (14... h6 15. Bxf6 Bxf6 16. e4 $14) 15. Qc2 $14) 14...
Na6 15. e4 Nb4 16. Qe2 {Black gets counterplay by means of} b6 $1 17. Rfd1 Bb7
18. Rac1 Ba6 19. Qe3 $13) 13... Bc6 {'=' Ribli. Ribli: 'Der schwarze Läufer
kontrolliert die wichtigsten Felder in der langen Diagonalen.'} 14. Nc4 (14.
Qc2 {Ribli} Na6 15. e4 Nb4 16. Qb1 b6 $11 {[%csl Gb4]}) 14... Bd5 $5 (14... Be4
$11 {Ribli}) 15. Nfe5 $5 {[%mdl 512] '?!' Ribli. Changing this bishop White
wins time spent by it on the manoeuvres along the c6-e4 diagonal.The only
drawback of this move is that pawn on d4 is not protected anymore. Ribli:
'Weiss möchte die Läufer tauschen, aber die katalanische Eröffnung ohne den
g2-Läufer ist wie ein Löwe ohne Zähne.'} (15. Rd1 $11 {Ribli}) 15... Bxg2 16.
Kxg2 h6 $6 {'!?' Ribli.} ({Black should accept the sacrifice.} 16... Qxd4 $142
17. Rd1 (17. f3 $5 $36) 17... Qe4+ (17... Qa7) 18. f3 $1 Qxe2+ 19. Kh1 $1 {
[%csl Re2][%cal Gd1d2] '~~' Ribli. Black's queen is in trap,but it escapes
with the help of tactics} ({During the game I thought} 19. Kh3 $2 {wins,but in
fact it's bad in view of} Ne4 $3 {Playing 15.Nfe5!? I have missed this
brilliant blow.} (19... Bb4 $2 20. Bxf6 gxf6 21. Ng4 Qxf3 22. Rf1 (22. Qh6 $5))
20. fxe4 (20. Bxe7 Nf2+ 21. Kh4 Nxd1) 20... f6 $1 (20... Qh5+ $5 21. Bh4 g5)
21. Bh4 g5 $1) 19... Ne4 $5 (19... Bb4 $5 20. Bxf6 gxf6 21. Qf4 Nc6 22. Nxc6
bxc6 23. Qxf6 Qxc4 24. Qg5+ Kh8 25. Qf6+ $11) 20. Bxe7 (20. fxe4 $2 Qxe4+ 21.
Kg1 f6) 20... Nf2+ 21. Kg1 Nh3+ 22. Kh1 Nf2+ $11) 17. Bd2 $3 {[%mdl 512] Again
sacrificing a central pawn for strong initiative.} (17. Bxf6 {Ribli} Bxf6 18.
Rd1 $11) 17... Qxd4 18. Rd1 $6 {'©' Ribli. Hasty move.} ({First I should take
under control e4 and g4 squares.} 18. f3 $1 $36 {[%cal Gf1d1] with dangerous
initiative.}) 18... Ng4 $1 {'!?' Ribli.} (18... Qe4+ {[%cal Re4e2,Re4g2] Ribli}
19. f3 Qxe2+ (19... Qh7) 20. Kh1 $13 {[%csl Re2][%cal Gd1e1] Schwarz hat zwei
Bauern mehr, aber die Dame steht etwas unglücklich auf e2.}) 19. Nxg4 $8 (19.
e3 $2 Qd5+ 20. Nf3 Nxh2 $1) (19. Be1 $2 Qe4+ 20. Nf3 Nc6 (20... Qxe2 $5)) (19.
Nd3 $2 Qe4+) (19. Be3 {Ribli} Qe4+ $17) 19... Qxg4 20. f3 (20. Nxa5 $5 {
was possible with chances for minimal advantage.} Qxe2 $140 (20... Qe4+ $142
21. Kg1 Na6 22. Qc4 $11) 21. Qxc7 Bd8 22. Qc4 $14) 20... Qh5 (20... Qf5 {Ribli}
21. e4 Qc5 $15) 21. g4 Qc5 {'=/+' Ribli. Ribli: 'Schwarz besitzt einen
Mehrbauern und die weisse Kompensation wirkt kärglich.'} 22. Ra3 $1 $44 {
[%cal Ga3b3] Bringing last reserve into the play.} Bg5 $6 {First inaccuracy
called by approaching time-trouble.} (22... b6 $5) (22... Rd8 $5) (22... Rd8
$15 {Ribli}) 23. Rb3 (23. Bxg5 hxg5 (23... Qxg5 $142) (23... Qxg5 24. Qxg5 hxg5
25. Rb3 b6 26. Ne5 $44 {[%csl Ge5]}) 24. Rb3 {'©' Ribli.} (24. Rc3 $44 {
[%cal Gc1c7] Ribli}) 24... b6 25. Rb5 Qc6 26. Rxg5 Qxa4 27. Rxg7+ ({Optimistic
} 27. Ne5 {doesn't work} f6 28. Rg6 c5 $1 {[%cal Ga8a7]} (28... fxe5 $4 29. Qh6
Rf7 30. Rd8+) 29. Rd7 $140 Qxd7 $1 30. Nxd7 Nxd7 {[%csl Rg6][%cal Gf8f7,Gd7e5]}
) 27... Kxg7 28. Qg5+ $11) 23... Bxd2 $6 $138 (23... b6 $5 24. Bxg5 hxg5 25.
Rb5 {-23.B:g5}) ({Bad is} 23... Rd8 $2 {because of} 24. Rb5 Qc6 (24... Rxd2 25.
Rxc5 Rxe2+ 26. Kf1 Bxc1 27. Kxe2 Na6 28. Rxa5 $16) 25. Bxg5 Rxd1 26. Qxd1 Qxc4
(26... hxg5 27. Qd8+ Kh7 28. Rxg5 $18) 27. b3 Qc6 28. Qd8+ Kh7 29. Bf4 $16 {
[%csl Ra8,Rb8]}) 24. Nxd2 $1 {Black has missed this capture.} Qe5 $2 {[%mdl
8192] This is already a serious mistake.} ({Black is still was able to
equalize by means of} 24... Qxc1 25. Rxc1 b6 26. Rxc7 Na6 $1 $11 {[%cal Ga6c5]
/\Nc5}) (24... Na6) 25. Nc4 $1 (25. Ne4 $5 {/\Rb7}) 25... Qc5 ({In case of} 
25... Qxe2+ $2 {Black's queen is in trap.} 26. Kg3 $18 {[%csl Re2][%cal Gd1d2,
Gd1e1,Gb3e3]}) 26. Rxb7 $16 {'+/=' Ribli. Ribli: 'Weiss hat den Bauern
zurückgewonnen und besitzt die bessere Bauernstruktur.'} Ra6 (26... Qc6 {Ribli}
27. Rb5 $14 {[%csl Gb5]}) 27. Rd3 $6 $138 {Now White is also in time-trouble.}
({Both} 27. Qc3 $142) ({and} 27. Qf4 $142 {are better}) 27... Qc6 $6 {Aseev
doesn't use put at his disposal chance.} (27... Rb6 $1 28. Rb3 $1 $14 (28. Rb3
{Ribli} Nd7 $11 (28... Rxb3 29. Rxb3 $14))) 28. Rb5 {Now Black is in trouble.}
Qa8 {'?' Ribli. Ribli: 'Dieses Damenmanöver gefällt mir nicht. Die schwarze
Dame steht passiv auf a8.'} 29. Qc3 (29. g5 $16 {Ribli}) 29... Nc6 30. Rd7 Nb4
(30... Qc8 $142) 31. e4 $1 {[%csl Gd5] Ribli: 'Weiss nimmt dem Springer das
Feld d5.'} (31. Rxc7 $2 {Ribli} Nd5 $17 {[%cal Rd5c3,Rd5c7]}) 31... c6 $2 {
Decisive mistake.} (31... Qc8 {was the last chance.}) (31... Ra7 {Ribli} 32.
Nxa5 Rxa5 33. Rxb4 Rxa4 34. Rxa4 Qxa4 35. Rxc7 $16) 32. Rbb7 $18 {[%csl Rf7,
Rg7,Rg8][%cal Gc4d6] '+/-' Ribli. Black is defenceless. Ribli: 'Weiss steht
mit den verdoppelten Türmen auf der 7. Reihe klar besser.'} h5 {Ribli: 'Dieses
Bauernopfer hilft nicht.'} 33. gxh5 Na2 34. Qe5 {'+-' Ribli. Ribli: 'Die
weissen Schwerfiguren stehen ausgezeichnet. Schwarz ist chancenlos.'} Qe8 35.
Nd6 $138 {Ribli: 'Schwarz gab in völlig verlorener Stellung auf. Eine
schlechte Partie von Grossmeister Aseev.'} (35. Nd6 {Ribli} Qa8 36. Rxf7 $18 {
[%csl Rg8][%cal Re5g7]}) 1-0

[Event "ISR-ch"]
[Site "Ramat Aviv"]
[Date "1998.11.11"]
[Round "2.2"]
[White "Mikhalevski, Victor"]
[Black "Gruenfeld, Yehuda"]
[Result "1-0"]
[WhiteElo "2540"]
[BlackElo "2475"]
[Annotator "Mikhalevski,V"]
[PlyCount "67"]
[EventDate "1998.11.08"]
[EventType "k.o."]
[EventRounds "5"]
[EventCountry "ISR"]
[SourceTitle "CBM 068"]
[Source "ChessBase"]
[SourceDate "1999.02.01"]
[SourceVersion "1"]
[SourceVersionDate "1999.02.01"]
[SourceQuality "1"]

{This game is a colourful example how thoughtless play on the opponent time
can destroy an interesting play on the early stages.The result of this game is
a rare exception.} 1. d4 Nf6 2. c4 e6 3. g3 d5 4. Bg2 Be7 5. Nf3 O-O 6. O-O
dxc4 7. Qc2 a6 8. a4 Bd7 9. Qxc4 Bc6 10. Bg5 Nbd7 ({Alternative is} 10... a5 {
[%cal Gb8a6]}) 11. Nc3 a5 12. Rfe1 {[%cal Ge2e4]} Nd5 $146 {In according to my
database this move is already a novelty.This idea was tried in the similar
position with white rook on d1 instead of e1 and white had got an advantage by
changes on e7 and d5.} (12... Bxf3 {is one of the possible ideas.Black is
agreed with slightly worse,but solid position.} 13. Bxf3 c6 14. e4 e5 15. Rad1
Qb6 16. Be3 Qb4 17. Qe2 Rfe8 18. Bg2 Bf8 19. h3 Qb3 20. Rd3 exd4 21. Bxd4 Qc4
22. f4 Bc5 23. Qd2 $14 {0-1 Filippov,V-Sulskis,S/New York 1998/CBM 64 (80)}) (
12... Bd5 13. Qd3 Bxf3 {leads to the same type of positions like 12...B:f3.}
14. Bxf3 c6 15. Rad1 h6 16. Bc1 $14 {1-0 Shtyrenkov,V-Cioara,A/Pardubice 1998/
EXT 99 (42)}) (12... Nb6 13. Qd3 Nfd5 (13... Nbd5 14. e4 $142 (14. Ne5 $6 Nb4
15. Qd1 Bxg2 16. Kxg2 h6 17. Be3 c5 $11 {1-0 Demina,J-Botsari Miladinovic,A/
Subotica 1991/TD (60)}) 14... Nb4 15. Qe2 $14) 14. Bxe7 Qxe7 15. Ne5 Nb4 16.
Nxc6 bxc6 17. Qe4 $14 {1-0 Rahman,Z-Ravi,T/Calcutta 1996/CBM 50 ext (40)}) (
12... h6 $5 13. Bxf6 Bxf6 14. e4 e5 15. Nd5 Bxd5 16. Qxd5 c6 17. Qb3 Qc7 {
1/2-1/2 Vaulin,A-Landa,K/Novgorod 1997/CBM 60 (17)}) 13. Bxe7 (13. Nxd5 {after}
Bxd5 {doesn't have independent value.} (13... Bxg5 14. Nxg5 exd5 15. Qc1 $14 {
[%cal Gg5h3,Gh3f4]}) (13... exd5 14. Qc1 $5) 14. Bxe7 Qxe7 {see 13.B:e7 Q:e7
14.N:d5} (14... Bxc4 15. Bxd8 Rfxd8 16. Rac1)) 13... Qxe7 14. e4 $5 {I tried
to go for more than 14.N:d5 can give.} (14. Nxd5 $5 exd5 15. Qc3 $14) 14... Nb4
(14... Nxc3 15. bxc3 (15. Qxc3 $5) 15... Nb6 16. Qb3 Qe8 17. e5 {with
initiative in both cases.} (17. c4 $5)) 15. Qe2 (15. d5 {after} Nb6 ({but not} 
15... exd5 $4 16. exd5) 16. Qb3 Bd7 {leads to unclear position that was not my
idea when I played 14.e4}) 15... Rad8 16. Rac1 Nb6 {[%cal Gb6a4][%mdl 2048]
Black is starting an interesting plan.He's intending to play f6 and move his
bishop to the king side(to h5 via e8) attacking white's centre(d4-pawn).} 17.
b3 Be8 18. Qe3 {[%mdl 32] An useful move.Queen leaves d1-h5 diagonal and
strengthens the centre..} f6 19. Nb5 $5 {White provokes 19...c6 as it 1)
weakens queen side, in particular knight on b6 is filling unsafe and 2)limits
mobility of N on b4 and B on e8.} (19. h3 $5 {in order to meet 19...Bh5 with
20.g4.}) 19... c6 ({After} 19... Bxb5 $6 20. axb5 {pawn on c7 is becoming a
serious weakness and N on b4 fills very uncomfortable.}) 20. Nc3 Nc8 {[%cal
Ge6e5,Ge8h5,Ge8f7]} (20... Bh5 {was interesting,but black should consider} 21.
d5 (21. h3 $5) 21... Nc8 22. Nd4 $1 (22. dxe6 Rd3 $1 (22... Nd3 $2 23. Nd5 $1))
22... exd5 23. exd5 Qxe3 24. Rxe3 cxd5 25. Ncb5 $1 $44 {[%cal Gd4e6,Gg2h3,
Gb5c7] with good compensation for a sacrificed pawn.}) 21. h3 e5 22. Nb1 $1 {
[%mdl 2080] Very strong retreat.First of all a knight on c3 doesn't have
further perspectives.Secondly it will play in copula with Nf3 after Nb1-d2.
Third pawn on b3 will be well protected and finally a use of the weaknesses on
the queen side can be made by Nd2-c4.} Bf7 23. Bf1 $1 {[%cal Gd4e5] It'
important to take the d3-square under control.} exd4 $1 {Otherwise white would
take on e5.} 24. Nxd4 Rfe8 25. Nf5 (25. Nd2 $6 Qd6) 25... Qf8 26. Nd2 Nd6 (
26... Be6 27. Nd4 {[%cal Gd2c4]}) (26... Bg6 27. Nh4 {[%cal Gd2c4]}) 27. Nd4 $2
$138 {[%mdl 16384] I saw that Black is short of time and made this move too
quickly.Fortunately I won this game,but the mistake could become crucial.} (27.
Nxd6 Qxd6 28. Nc4 Bxc4 29. Bxc4+ Kh8 30. Re2 $1 $14 {[%cal Ge3b6] and white is
slightly better thanks to manoeuvre 19. Nc3-b5 which weakened queen side pawn
structure and made possible ideas like Qb6.}) 27... Re7 $1 $15 {Now all white
pieces fill uncomfortable.} 28. f3 (28. f4 $5) 28... Qe8 (28... Red7 $5) 29.
Nc4 $2 {One mistake drags on another.} Nxc4 30. bxc4 (30. Bxc4 {is not better}
Bxc4 31. Rxc4 Red7 {[%cal Ge8h5,Gc6c5]}) 30... Red7 31. Nf5 Nd3 $1 32. Bxd3
Rxd3 $17 33. Qf2 (33. Qf4 $5) 33... Be6 {[%cal Ge8h5]} 34. c5 $6 $138 {Black
lost on time in almost winning position and I being fantasticly lucky
qualified for the quarter-final of The Israel Championship.} (34. g4 $5 Qd7 35.
Re3 $17) 1-0

[Event "USA-ch"]
[Site "Saint Louis"]
[Date "2017.03.30"]
[Round "2"]
[White "Shabalov, Alexander"]
[Black "Onischuk, Alexander"]
[Result "0-1"]
[WhiteElo "2556"]
[BlackElo "2667"]
[Annotator "Moradiabadi,E"]
[PlyCount "88"]
[EventDate "2017.03.29"]
[EventType "tourn"]
[EventRounds "11"]
[EventCountry "USA"]
[EventCategory "18"]
[SourceTitle "CBM 178"]
[Source "ChessBase"]
[SourceDate "2017.05.14"]
[SourceVersion "1"]
[SourceVersionDate "2017.05.14"]
[SourceQuality "1"]

1. d4 {We have 5 US championship titles in this game!} Nf6 2. c4 e6 3. g3 d5 4.
Nf3 Be7 5. Bg2 O-O 6. O-O dxc4 7. Ne5 {The move resurfaced in mainstream
theory after Wesley So beat Nakamura in the Sinquefield Cup with it!} Nc6 8.
Nxc6 bxc6 9. Na3 Bxa3 10. bxa3 Ba6 11. Qd2 Rb8 12. Qa5 Qc8 13. a4 Rd8 14. Ba3
Qb7 $146 {A novelty confirmed by Mega Database} (14... Rxd4 15. Rfb1 Rb6 16.
Bc5 Rd7 17. Rd1 h6 18. Rxd7 Nxd7 19. Bxb6 cxb6 20. Qd2 c5 21. Rd1 Nf6 22. Kf1
Kh7 23. Qc2+ Kg8 24. Qd2 Kh7 25. Qd8 Qxd8 26. Rxd8 c3 27. Ke1 Bc4 28. Kd1 Bxa2
29. Kc2 Bc4 30. e3 b5 31. Kxc3 a6 32. Ra8 Nd5+ 33. Bxd5 exd5 34. a5 b4+ 35. Kd2
Bf1 36. Rc8 c4 37. Rb8 b3 38. Kc3 {1-0 (38) So,W (2771)-Nakamura,H (2791)
Saint Louis 2016}) 15. Bc5 c3 $5 {The best move.} 16. Rfe1 Nd5 17. e4 Nb6 18.
Rac1 e5 $5 {An interesting practical try but most likely dubious!} 19. dxe5 Rd3
20. Be7 $2 {Black is ok now!} (20. Rb1 $1 c2 21. Rb2 h6 22. e6 fxe6 23. Bh3 Re8
24. Rxc2 {gives White a tangible edge.}) 20... Nc4 21. Qc5 Qb6 22. e6 Qxc5 (
22... fxe6 {looks better.}) 23. exf7+ Kxf7 24. Bxc5 Rb2 (24... Nd2 {was still
necessary}) 25. e5 $1 $16 Ke6 26. Bxa7 $2 (26. f4 $3 {counter-intuitive} Rdd2
27. f5+ Kxf5 28. Bh3+ Kg5 29. Rxc3 Rxh2 30. Bf1 $18 {and White wins}) 26... Nd2
27. Bh3+ Ke7 28. Bc5+ Ke8 29. Kg2 g6 30. Be6 Bc4 31. Bxc4 Nxc4 32. Re4 {
White should be winning here. What happens from here is just a tragedy for
'Shaba'.} Nb6 33. a5 (33. e6 Nd5 34. a3 $1 {would have sealed the deal.}) 33...
Nd7 34. Be3 Rxa2 35. Kh3 $4 {Inexplicable!} Rxa5 36. e6 Nb6 37. Bxb6 $4 {
This one too!} cxb6 {All of a sudden, Black is winning now!} 38. Rc4 Rc5 39.
Rxc5 bxc5 40. Kg4 Ke7 41. Kg5 Kxe6 42. Kh6 Kd5 43. f4 Kc4 44. Kxh7 Kb3 {
A game in which Shaba did everything: he gained the advantage, he then let it
go and finally, he lost the game!} 0-1

[Event "Stillwater m"]
[Site "Stillwater"]
[Date "2005.02.21"]
[Round "7"]
[White "Wojtkiewicz, Aleksander"]
[Black "Shulman, Yuri"]
[Result "1/2-1/2"]
[WhiteElo "2536"]
[BlackElo "2551"]
[Annotator "Mueller,Karsten"]
[PlyCount "119"]
[EventDate "2005.02.19"]
[EventType "match"]
[EventRounds "8"]
[EventCountry "USA"]
[SourceTitle "CBM 106"]
[Source "ChessBase"]
[SourceDate "2005.06.06"]
[SourceVersion "1"]
[SourceVersionDate "2005.06.06"]
[SourceQuality "1"]

1. Nf3 d5 2. d4 Nf6 3. c4 e6 4. g3 Be7 5. Bg2 O-O 6. O-O dxc4 7. Nc3 Nc6 8. e3
Bd6 9. Nd2 e5 10. Nxc4 exd4 11. exd4 Bg4 12. Qa4 Nxd4 13. Nxd6 Qxd6 14. Bf4 Qb6
15. Bxc7 Qxc7 16. Qxd4 Rfd8 17. Qb4 a5 18. Qb5 Bd7 19. Qxb7 Qxb7 20. Bxb7 Rab8
21. Bg2 Rxb2 22. Rfd1 Rdb8 23. Rab1 Kf8 24. h3 Rxb1 25. Rxb1 Rxb1+ 26. Nxb1 Ke7
27. Kf1 Kd6 28. Ke2 Kc5 29. Kd2 Be6 30. Nc3 Kb4 31. g4 h6 32. f4 Ka3 33. Ke3
Kb2 34. Kd4 Bxa2 35. Nxa2 Kxa2 36. g5 Nh5 37. Bd5+ Kb2 38. Ke5 f6+ 39. Kf5 a4
40. gxh6 gxh6 41. h4 a3 42. Bg8 Kb1 43. Bd5 Kb2 44. Bg8 {Here the bishop is
stronger than the knight, meaning that Black's win is still surprisingly
complicated. Der Läufer ist hier stärker als der Springer, daher ist der
schwarze Gewinn noch erstaunlich kompliziert:} Ng3+ $2 {too hasty. zu
überhastet.} ({Transferring the king to the kingside by Die Überführung des
Königs zum Königsflügel mit} 44... Kc3 {would have won, e.g. hätte gewonnen, z.
B.} 45. Bf7 (45. Ba2 Kd4 46. Bf7 Ke3 47. Kg6 Nxf4+ 48. Kxh6 Kf3 49. Kg7 f5 50.
Kf6 Kg4 51. Ke5 Nd3+ 52. Kd4 Nb4 53. h5 Kg5 54. Kc3 (54. Ke5 Nc6+ 55. Kd6 f4
$19) 54... a2 55. Kb2 f4 56. Bg6 f3 57. Be4 f2 58. Bg2 Nc2 59. Kxa2 Ne3 60. Bh3
Kxh5 61. Kb3 Kh4 $19) (45. Kg6 Nxf4+ 46. Kxh6 Kd4 {[%cal Gf4d5]} 47. Ba2 Ke4
48. h5 Kf5 $19) 45... Kd4 46. Ba2 Ke3 47. Kg6 Nxf4+ 48. Kxh6 (48. Kxf6 Ng2 49.
h5 Nf4 50. Kg7 Nxh5+ 51. Kxh6 Nf4 $19) 48... Kf3 49. Kg7 f5 50. Kf6 Kg4 51. Bg8
Nd5+ 52. Bxd5 f4 53. h5 f3 54. h6 f2 55. h7 f1=Q+ 56. Kg7 a2 57. Bxa2 Qa1+ 58.
Kg8 Qxa2+ 59. Kg7 Qb2+ 60. Kg8 Qb8+ 61. Kg7 Qe5+ 62. Kg8 Qe8+ 63. Kg7 Qe7+ 64.
Kg8 Kg5 65. h8=Q Kg6 $19) (44... a2 $2 45. Bxa2 Kxa2 46. Kg6 Nxf4+ 47. Kxf6 Kb3
48. h5 Nxh5+ 49. Kg6 $11) 45. Kxf6 Ne4+ 46. Kg7 Nc5 47. f5 Nb3 48. Bxb3 $2 (48.
f6 {even still offered White practical winning chances. bot sogar Weiß noch
praktische Gewinnchancen:} a2 49. f7 a1=Q 50. f8=Q $14 {/+/-}) 48... Kxb3 49.
f6 a2 50. f7 a1=Q+ 51. Kg8 Qg1+ 52. Kh7 Qf1 (52... Qf2 $5 53. Kg8 Qxh4 54. f8=Q
{is also only a draw, but could still have been tried. ist auch nur remis,
hätte aber noch versucht werden können.}) 53. Kg7 Qg1+ 54. Kxh6 $5 Qf2 55. Kg7
Qg3+ 56. Kh7 Qf4 57. Kg7 Qg4+ 58. Kh7 Qd7 59. Kg8 Qd5 60. Kg7 1/2-1/2